[Event "Urals-ch (Women)"]
[Site "Russia"]
[Date "2012.03.02"]
[Round "7"]
[White "Gerasimova, Olga"]
[Black "Chudinovskikh, Zinaida"]
[Result "0-1"]
[WhiteElo "2129"]
[BlackElo "2095"]
[PlyCount "94"]
[EventDate "2012.02.25"]
[EventType "swiss"]
[EventRounds "9"]
[EventCountry "RUS"]
[SourceTitle "EXT 2014"]
[Source "ChessBase"]
[SourceDate "2013.11.20"]
[SourceVersion "1"]
[SourceVersionDate "2013.11.20"]
[SourceQuality "1"]

1. e4 c6 2. d4 Qc7 3. g3 d6 4. Bg2 e5 5. Ne2 Nf6 6. 0-0 Be7 7. h3 0-0 8. f4 Nbd7 9. c3 b5 10. f5 Bb7 11. Nd2 exd4 12. cxd4 c5 13. d5 Ne5 14. Nf4 c4 15. Kh1 Nfd7 16. Nf3 Nxf3 17. Qxf3 Bf6 18. Nh5 Bd4 19. Qg4 Kh8 20. f6 g6 21. Bh6 Rfe8 22. Ng7 Nxf6 23. Nxe8 Rxe8 24. Qh4 Ng8 25. Rab1 Nxh6 26. Qxh6 Bg7 27. Qf4 Rf8 28. Qe3 a5 29. Rf3 Kg8 30. Bf1 b4 31. Kh2 Re8 32. Qf4 Be5 33. Qh4 c3 34. bxc3 Bxc3 35. Bb5 Re7 36. Rbf1 Be5 37. Qg5 Bc3 38. Qh4 Bd4 39. Kh1 f5 40. Bc6 Rxe4 41. Qxe4 fxe4 42. Rf8+ Kg7 43. R1f7+ Qxf7 44. Rxf7+ Kxf7 45. Bxb7 a4 46. Bc6 b3 47. axb3 a3 0-1

[Event "RUS-ch (Women) 1st League 61st"]
[Site "Ivanovo"]
[Date "2011.02.28"]
[Round "8"]
[White "Chigaeva, Anastasia"]
[Black "Chudinovskikh, Zinaida"]
[Result "0-1"]
[WhiteElo "1886"]
[BlackElo "2105"]
[PlyCount "108"]
[EventDate "2011.02.21"]
[EventType "swiss"]
[EventRounds "9"]
[EventCountry "RUS"]
[SourceTitle "CBM 141 Extra"]
[Source "ChessBase"]
[SourceDate "2011.05.03"]
[SourceVersion "1"]
[SourceVersionDate "2011.05.03"]
[SourceQuality "1"]

1. e4 d5 2. exd5 Qxd5 3. Nf3 Qd6 4. d4 Nf6 5. Nc3 a6 6. h3 e6 7. Be3 Be7 8. Be2 0-0 9. Qd2 b5 10. a3 Bb7 11. 0-0 Nbd7 12. Bf4 Qb6 13. Ne5 Rfd8 14. Rad1 Nxe5 15. Bxe5 Rac8 16. Qe3 Nd7 17. Qg3 Nxe5 18. dxe5 c5 19. Bf3 Bxf3 20. Qxf3 c4 21. Ne4 a5 22. Qg3 Kh8 23. Ng5 Bxg5 24. Qxg5 Rd5 25. Rxd5 exd5 26. Rd1 Qe6 27. Qg4 Rd8 28. Qd4 g6 29. f4 Qc6 30. e6+ Kg8 31. e7 Re8 32. Qxd5 Qb6+ 33. Qd4 Qe6 34. Qd7 Qe3+ 35. Kh1 Rxe7 36. Qxb5 Qxf4 37. Qxa5 Kg7 38. Qc3+ f6 39. Qd4 Re1+ 40. Rxe1 Qxd4 41. c3 Qb6 42. Re2 f5 43. Rd2 Kf6 44. Re2 g5 45. Kh2 Qd6+ 46. Kg1 f4 47. Kf2 h5 48. Kf1 Kf5 49. Kf2 Qd1 50. Re1 Qd3 51. Re2 Qg3+ 52. Kf1 f3 53. gxf3 Qxh3+ 54. Kf2 h4 0-1

[Event "RUS-ch (Women) 1st League 61st"]
[Site "Ivanovo"]
[Date "2011.02.26"]
[Round "6"]
[White "Drogovoz, Irina"]
[Black "Chudinovskikh, Zinaida"]
[Result "1-0"]
[WhiteElo "1789"]
[BlackElo "2105"]
[PlyCount "91"]
[EventDate "2011.02.21"]
[EventType "swiss"]
[EventRounds "9"]
[EventCountry "RUS"]
[SourceTitle "CBM 141 Extra"]
[Source "ChessBase"]
[SourceDate "2011.05.03"]
[SourceVersion "1"]
[SourceVersionDate "2011.05.03"]
[SourceQuality "1"]

1. e4 d6 2. d4 g6 3. Nc3 Bg7 4. Be3 Nd7 5. Nf3 e5 6. h3 Ne7 7. Qd2 Nc6 8. 0-0-0 0-0 9. Bh6 Nxd4 10. Bxg7 Kxg7 11. Nxd4 exd4 12. Qxd4+ f6 13. g4 Ne5 14. Nd5 Be6 15. f4 Nc6 16. Qc3 Bxd5 17. Rxd5 Qe7 18. Bg2 a5 19. a3 Ra6 20. Rhd1 Nb8 21. Rxa5 Rc6 22. Qd4 Rb6 23. Rd5 Nc6 24. Qc3 Qf7 25. Qe3 Ne7 26. R5d3 Nc6 27. Rxd6 Qa2 28. Rd7+ Kg8 29. Qc3 Qa1+ 30. Kd2 Qa2 31. e5 Qxb2 32. Qxb2 Rxb2 33. Bd5+ Kh8 34. Bb3 fxe5 35. Kc3 Rxb3+ 36. cxb3 exf4 37. Rxc7 Re8 38. Rdd7 Re3+ 39. Kd2 Re8 40. Rxh7+ Kg8 41. Rxb7 Kf8 42. Rbc7 Ne7 43. Rcxe7 Rxe7 44. Rxe7 Kxe7 45. h4 Ke6 46. Ke2 1-0

[Event "RUS-ch (Women) 1st League 61st"]
[Site "Ivanovo"]
[Date "2011.02.23"]
[Round "3"]
[White "Chudinovskikh, Zinaida"]
[Black "Lebedenko, Olga"]
[Result "1-0"]
[WhiteElo "2105"]
[BlackElo "1937"]
[PlyCount "55"]
[EventDate "2011.02.21"]
[EventType "swiss"]
[EventRounds "9"]
[EventCountry "RUS"]
[SourceTitle "CBM 141 Extra"]
[Source "ChessBase"]
[SourceDate "2011.05.03"]
[SourceVersion "1"]
[SourceVersionDate "2011.05.03"]
[SourceQuality "1"]

1. Nf3 Nf6 2. d4 d5 3. e3 Bf5 4. c4 e6 5. Qb3 Qc8 6. Nc3 c6 7. cxd5 exd5 8. Bd2 Bd6 9. Rc1 Bc7 10. Qa3 Ne4 11. b4 Nxc3 12. Rxc3 Bd6 13. Qb3 a6 14. a4 0-0 15. Be2 Qd8 16. 0-0 g5 17. e4 dxe4 18. Nxg5 Qf6 19. Rd1 h6 20. Nh3 Qh4 21. Be1 Kh8 22. f4 Qf6 23. d5 Kh7 24. Rg3 Bg6 25. Bc3 Qe7 26. dxc6 Nxc6 27. Ng5+ Kg8 28. Nxf7 1-0

[Event "RUS-ch (Women) 1st League"]
[Site "Kolontaevo"]
[Date "2005.01.??"]
[Round "8"]
[White "Kabanova, Irina"]
[Black "Chudinovskikh, Zinaida"]
[Result "1/2-1/2"]
[WhiteElo "2040"]
[BlackElo "1983"]
[PlyCount "56"]
[EventDate "2005.01.??"]
[EventType "swiss"]
[EventRounds "9"]
[EventCountry "RUS"]
[SourceTitle "EXT 2006"]
[Source "ChessBase"]
[SourceDate "2005.11.24"]
[SourceVersion "1"]
[SourceVersionDate "2005.11.24"]
[SourceQuality "1"]

1. e4 g6 2. d4 Bg7 3. Nc3 c6 4. Be3 d5 5. exd5 cxd5 6. Nf3 Nc6 7. Be2 Nh6 8. Bxh6 Bxh6 9. h3 0-0 10. 0-0 Bg7 11. Qd2 e6 12. a3 Na5 13. b3 Bd7 14. Bd3 Rc8 15. Ne2 b5 16. Ne5 Be8 17. Qe3 Qd6 18. f4 Nb7 19. b4 Qe7 20. c3 Nd6 21. Rac1 Rc7 22. Ng3 f6 23. Nf3 Bf7 24. Ne2 Rfc8 25. Rc2 Kf8 26. Rfc1 Kg8 27. Rf1 Kf8 28. Rfc1 Kg8 1/2-1/2

[Event "RUS-ch (Women) 1st League"]
[Site "Kolontaevo"]
[Date "2005.01.??"]
[Round "4"]
[White "Lomakina, Galja"]
[Black "Chudinovskikh, Zinaida"]
[Result "1/2-1/2"]
[WhiteElo "2196"]
[BlackElo "1983"]
[PlyCount "123"]
[EventDate "2005.01.??"]
[EventType "swiss"]
[EventRounds "9"]
[EventCountry "RUS"]
[SourceTitle "EXT 2006"]
[Source "ChessBase"]
[SourceDate "2005.11.24"]
[SourceVersion "1"]
[SourceVersionDate "2005.11.24"]
[SourceQuality "1"]

1. Nf3 Nf6 2. g3 b6 3. Bg2 Bb7 4. 0-0 g6 5. d3 Bg7 6. e4 d6 7. Nbd2 Nbd7 8. a4 a5 9. Re1 0-0 10. Nc4 e5 11. Nfd2 Nh5 12. Nb1 Nc5 13. Nc3 Qd7 14. Ne3 Bc6 15. b3 Ne6 16. Ncd5 Bxd5 17. Nxd5 Rab8 18. Be3 Nf6 19. Bh3 Rfe8 20. c3 Qd8 21. b4 c6 22. Nxf6+ Bxf6 23. Rb1 axb4 24. Bxe6 Rxe6 25. Rxb4 c5 26. Rb5 Qd7 27. Qb3 Ra8 28. Rxb6 Qxa4 29. Rb1 Qxb3 30. R1xb3 Ra1+ 31. Kg2 Kg7 32. h4 Rd1 33. c4 Ra1 34. Kf3 Be7 35. Bg5 Bxg5 36. hxg5 h6 37. gxh6+ Kxh6 38. Ke3 Re1+ 39. Kd2 Ra1 40. Rb2 Kg5 41. Ke2 f5 42. exf5 gxf5 43. Rb8 Ra6 44. Rg8+ Rg6 45. Rf8 Rg7 46. Ke3 Re7 47. Rg8+ Kf6 48. f3 Rg7 49. Rxg7 Kxg7 50. g4 Kf6 51. Rg2 Ra1 52. Re2 Rg1 53. gxf5 Kxf5 54. Rh2 Re1+ 55. Kd2 Rg1 56. Rh8 Rg6 57. Ke3 Rf6 58. Rh4 Kg5 59. Rg4+ Kf5 60. Rg7 Rf8 61. Rg4 Rf7 62. Re4 1/2-1/2